Marketing research / (Record no. 40)

MARC details
000 -LEADER
fixed length control field 00689nam a22002177a 4500
003 - CONTROL NUMBER IDENTIFIER
control field OSt
005 - DATE AND TIME OF LATEST TRANSACTION
control field 20250807084033.0
008 - FIXED-LENGTH DATA ELEMENTS--GENERAL INFORMATION
fixed length control field 240521b |||||||| |||| 00| 0 eng d
020 ## - INTERNATIONAL STANDARD BOOK NUMBER
International Standard Book Number 9786210450361
040 ## - CATALOGING SOURCE
Original cataloging agency DWC-Main Lib.
Transcribing agency OC
082 ## - DEWEY DECIMAL CLASSIFICATION NUMBER
Classification number Fil. 658.83 A116m 2024
100 ## - MAIN ENTRY--PERSONAL NAME
Personal name Abantao, Baniline Jone V.
245 ## - TITLE STATEMENT
Title Marketing research /
Statement of responsibility, etc. Baniline Jone V. Abantao
250 ## - EDITION STATEMENT
Edition statement First edition.
260 ## - PUBLICATION, DISTRIBUTION, ETC.
Place of publication, distribution, etc. Manila, Philippines :
Name of publisher, distributor, etc. Rex Bookstore,
Date of publication, distribution, etc. c2024.
300 ## - PHYSICAL DESCRIPTION
Extent xi, 258 pages :
Other physical details illustrations ;
Dimensions 25cm.
504 ## - BIBLIOGRAPHY, ETC. NOTE
Bibliography, etc. note Includes index.
650 ## - SUBJECT ADDED ENTRY--TOPICAL TERM
Topical term or geographic name entry element 1. Research management.
650 ## - SUBJECT ADDED ENTRY--TOPICAL TERM
Topical term or geographic name entry element 2. Marketing --- Research methodology.
942 ## - ADDED ENTRY ELEMENTS (KOHA)
Source of classification or shelving scheme Dewey Decimal Classification
Koha item type Book-Filipiniana
Call number prefix Fil.
Suppress in OPAC No
Edition First edition
952 ## - LOCATION AND ITEM INFORMATION (KOHA)
--
952 ## - LOCATION AND ITEM INFORMATION (KOHA)
--
Holdings
Withdrawn status Lost status Source of classification or shelving scheme Damaged status Not for loan Home library Current library Shelving location Date acquired Source of acquisition Cost, normal purchase price Total Checkouts Full call number Barcode Date last seen Copy number Price effective from Koha item type Uniform Resource Identifier
    Dewey Decimal Classification     College Library College Library Filipiniana 02/29/2024 School Fund 375.00   Fil. 658.83 A116m 2024 54095 05/21/2024 c1 05/21/2024 BK - FIL
    Dewey Decimal Classification     College Library College Library Filipiniana 02/29/2024 School Fund 375.00   Fil. 658.83 A116m 2024 54096 05/21/2024 c2 05/21/2024 BK - FIL